000 01257cai a2200277 4500
001 X125995
008 040426n2004 000 0 eng u
035 _a(Sirsi) u125995
100 _aDobie, A.
245 _aSimply the best
260 _c2004
490 _aRICS Business
_vApril 2004, 24-26(3)
520 _aLooks at why an increasing number of high achievers are being attracted to surveying as a career. More women and people from ethnic minorities are entering the profession. Reports on RICS work to improve the standing and public perception of surveying including raising the standards of competence for entry to the profession and organising training partnerships with more than 100 universities worldwide. Confirms RICS commitment to attracting the very best graduates into surveying on a worldwide basis.
590 _aABS
590 _aABS
590 _aABS
650 _aSURVEYING
650 _aUNIVERSITY COURSES
650 _aPROFESSIONAL TRAINING
650 _aETHNIC MINORITIES
650 _aWOMEN SURVEYORS
650 _aPROFESSIONAL COMPETENCE
690 _aEDUCATION-CAREERS
856 4 0 _uhttps://www.rics.org/careers/main_index.html
_zView the website free of charge at www.rics.org/careers/......
942 _n0
999 _c120440
_d120440